01479nam a2200361 a 4500001001100000003000800011006001900019007001500038008004100053010001700094020003600111020003500147040002100182035002000203050002300223082001600246100002700262245014300289260005300432300003000485504006400515533015200579650002800731650003600759651002800795651002900823651002900852651004100881651002400922655002900946710001700975856012500992ebr5000423CaPaEBRm u cr cn|||||||||971028s1998 hiuab sb 001 0 eng  z 97046014  z0824819667 (cloth : alk. paper) z0824820304 (pbk. : alk. paper) aCaPaEBRcCaPaEBR a(OCoLC)5017160514aDS855b.F37 1998eb04a952/.012211 aFarris, William Wayne.10aSacred texts and buried treasuresh[electronic resource] :bissues in the historical archaeology of ancient Japan /cWilliam Wayne Farris. aHonolulu :bUniversity of Hawai'i Press,cc1998. aix, 333 p. :bill., maps. aIncludes bibliographical references (p. 301-322) and index. aElectronic reproduction.bPalo Alto, Calif. :cebrary,d2013.nAvailable via World Wide Web.nAccess may be limited to ebrary affiliated libraries. 0aInscriptions, Japanese. 0aWooden tabletszJapanxHistory. 0aJapanxHistoryyTo 794. 0aJapanxRelationszKorea. 0aKoreaxRelationszJapan. 0aJapanxCapital and capitolxHistory. 0aJapanxAntiquities. 7aElectronic books.2local2 aebrary, Inc.40uhttp://site.ebrary.com/lib/rucke/Doc?id=5000423zAn electronic book accessible through the World Wide Web; click to view